000 00374nmm a2200133Ia 4500
008 251105s9999||||xx |||||||||||||||||und||
041 _acat
100 _aPagès Jordà, Vicenç
245 0 _aUn Sant Jordi a Eslovènia
264 _a[Madrid, España] :
_bNúvol,
_c2017
300 _a28 páginas
856 _uhttps://public.digitaliapublishing.com/a/88497
942 _cCF
999 _c106367
_d106367